| 000 | 00591cam a2200205 4500500 | ||
|---|---|---|---|
| 005 | 20260405002505.0 | ||
| 041 | _afre | ||
| 042 | _adc | ||
| 100 | 1 | 0 |
_aEnjalbert, Cédric _eauthor |
| 245 | 0 | 0 | _aUn Havre de kitsch |
| 260 | _c2017. | ||
| 500 | _a90 | ||
| 690 | _aChristophe Genin | ||
| 690 | _aExposition | ||
| 690 | _aKitsch | ||
| 690 | _aLe Havre | ||
| 690 | _aPhotographie | ||
| 786 | 0 | _nPhilosophie magazine | 111 | 7-8 | 2017-07-01 | p. 78-78 | 1951-1787 | |
| 856 | 4 | 1 | _uhttps://shs.cairn.info/magazine-philosophie-magazine-2017-7-8-page-78?lang=fr&redirect-ssocas=7080 |
| 999 |
_c2058154 _d2058154 |
||